000 00281nam a2200121Ia 4500
005 20251222154440.0
008 251222s9999||||xx |||||||||||||| ||spa||
020 _a84-7.017-141-0
082 _a709/B17
100 _a"Belves, Pierre"
245 0 _aYo descubro el arte
942 _cLIB
999 _c36762
_d36762